000 00737cab a2200241 4500
001 WB3406-02
008 090401t1998 xxu||||| |||| 00| 0 eng d
035 _a(Sirsi) u84227
041 _aeng
245 _aCivil engineering slump
260 _c1998
350 _a0
490 _aNew Civil Engineer
_v5 February 1998, 7(1)
520 _aIf the Channel Tunnel Rail Link is cancelled or the concession re-bid, then civil engineering could see economic decline for at least four years.
650 _aCHANNEL TUNNEL
650 _aCIVIL ENGINEERING SECTOR
650 _aCONSTRUCTION MARKET
650 _aFORECASTS
650 _aRAIL LINK
690 _aBUILDING AND CONSTRUCTION-ECONOMICS
942 _n0
948 _c13/02/1998
999 _c52924
_d52924